[Event "FIDE Open World Blitz 2021"]
[Site "Warsaw"]
[Date "2021.12.30"]
[Round "20.24"]
[White "Cheparinov, Ivan"]
[Black "Riazantsev, Alexander"]
[Result "1-0"]
[WhiteElo "2594"]
[BlackElo "2634"]
[Annotator "ChessBase"]
[PlyCount "77"]
[EventDate "2021.12.29"]
[EventType "swiss"]
[EventCountry "POL"]
[Tiebreak "Cut1 Buchholz"]
[SourceTitle "playchess.com"]
[Source "ChessBase"]
[SourceQuality "1"]

1. d4 Nf6 2. c4 e6 3. Nf3 a6 4. Nc3 d5 5. c5 b6 6. cxb6 cxb6 7. Bf4 Bd6 8. e3
Bb7 9. Bd3 O-O 10. O-O Bxf4 11. exf4 Qd6 12. Ne5 Nc6 13. a3 h6 14. Bc2 b5 15.
Re1 Rac8 16. Re3 b4 17. axb4 Nxb4 18. Bb1 Ne4 19. f3 Nf6 20. Na4 Bc6 21. Nc5
Bb5 22. Rc3 Rb8 23. Qd2 Rfc8 24. Raa3 Nc6 25. Rc1 Ne7 26. Rac3 Ne8 27. h4 h5
28. g4 f6 29. Ng6 Nxg6 30. Bxg6 hxg4 31. fxg4 e5 32. fxe5 fxe5 33. Bf5 Rd8 34.
Be6+ Kh8 35. Qg5 Nf6 36. dxe5 Nh7 37. exd6 Nxg5 38. hxg5 Rxd6 39. Rh3# 1-0

[Event "FIDE Open World Blitz 2021"]
[Site "Warsaw"]
[Date "2021.12.30"]
[Round "20.24"]
[White "Gumularz, Szymon"]
[Black "Kanarek, Marcel"]
[Result "1-0"]
[WhiteElo "2396"]
[BlackElo "2342"]
[Annotator "NA"]
[PlyCount "57"]
[EventDate "2021.12.29"]
[EventType "swiss"]
[EventCountry "POL"]
[Tiebreak "Cut1 Buchholz"]
[SourceTitle "playchess.com"]
[Source "ChessBase"]
[SourceQuality "1"]

1. e4 c5 2. Nf3 e6 3. c3 d5 4. exd5 Qxd5 5. d4 Nc6 6. Na3 Nf6 7. Be3 Qd7 8.
dxc5 Nd5 9. Bd4 f6 10. Bc4 a6 11. O-O Be7 12. Re1 Nc7 13. Bb3 e5 14. Be3 Qxd1
15. Raxd1 Ne6 16. Nc4 Nxc5 17. Bxc5 Bxc5 18. Ncxe5 fxe5 19. Nxe5 Be7 20. Nf7
O-O 21. Ne5+ Kh8 22. Nxc6 Bh4 23. g3 bxc6 24. gxh4 Bg4 25. Rd4 Bf3 26. h3 Rab8
27. Re7 Rbe8 28. Rf4 h6 29. Rxe8 1-0

[Event "FIDE Open World Blitz 2021"]
[Site "Warsaw"]
[Date "2021.12.30"]
[Round "20.25"]
[White "Caruana, Fabiano"]
[Black "Corrales Jimenez, Fidel"]
[Result "1-0"]
[WhiteElo "2791"]
[BlackElo "2523"]
[Annotator "TA"]
[PlyCount "117"]
[EventDate "2021.12.29"]
[EventType "swiss"]
[EventCountry "POL"]
[Tiebreak "Cut1 Buchholz"]
[SourceTitle "playchess.com"]
[Source "ChessBase"]
[SourceQuality "1"]

1. d4 Nf6 2. c4 g6 3. h4 c5 4. d5 b5 5. cxb5 a6 6. e3 Bg7 7. Nc3 d6 8. Nf3 O-O
9. a4 Nbd7 10. e4 axb5 11. Bxb5 Ba6 12. Bg5 Bxb5 13. axb5 h6 14. Bd2 Ng4 15.
O-O Qc7 16. Qe2 Qb7 17. h5 g5 18. Rxa8 Rxa8 19. Nxg5 Nge5 20. Nf3 c4 21. Nd4
Nf6 22. Nf5 Qd7 23. Be3 Kh7 24. Bd4 Rg8 25. b6 Bh8 26. g3 e6 27. dxe6 fxe6 28.
Bxe5 dxe5 29. Ne3 Qf7 30. Qxc4 Rg7 31. b7 Qxb7 32. Qxe6 Rg5 33. Ncd5 Nxe4 34.
Nf5 Bg7 35. Nde7 Qa8 36. Ng6 Nd2 37. Rd1 Nf3+ 38. Kf1 Nh2+ 39. Ke1 Qh1+ 40. Kd2
Qf3 41. Nxg7 Qxf2+ 42. Kc1 Qc5+ 43. Kb1 Qb4 44. Qd5 Ng4 45. Ne6 Nf6 46. Nxg5+
hxg5 47. Qf7+ Kh6 48. Qxf6 Qe4+ 49. Kc1 Qe3+ 50. Kc2 Qe2+ 51. Rd2 Qe4+ 52. Kc3
Qe3+ 53. Rd3 Qc5+ 54. Kd2 Qb4+ 55. Ke2 Qxb2+ 56. Rd2 Qb5+ 57. Kf2 Qc5+ 58. Kg2
Kxh5 59. Nxe5 1-0

[Event "FIDE Open World Blitz 2021"]
[Site "Warsaw"]
[Date "2021.12.30"]
[Round "20.25"]
[White "Nevednichy, Vladislav"]
[Black "Kuzmicz, Krystian"]
[Result "1-0"]
[WhiteElo "2379"]
[BlackElo "2281"]
[Annotator "NA"]
[PlyCount "45"]
[EventDate "2021.12.29"]
[EventType "swiss"]
[EventCountry "POL"]
[Tiebreak "Cut1 Buchholz"]
[SourceTitle "playchess.com"]
[Source "ChessBase"]
[SourceQuality "1"]

1. e4 c5 2. Nc3 a6 3. Nf3 b5 4. g3 Bb7 5. Bg2 b4 6. Na4 e6 7. d4 cxd4 8. Nxd4
Nf6 9. O-O Nxe4 10. Be3 d5 11. c4 e5 12. Nf3 Nd7 13. cxd5 Nd6 14. Re1 Be7 15.
Nxe5 Nxe5 16. Bb6 Qd7 17. Rxe5 Nc4 18. Re4 Rc8 19. Rc1 Qb5 20. Qe2 O-O 21. Rxe7
Qxa4 22. Rxb7 Qxa2 23. Bd4 1-0

[Event "FIDE Open World Blitz 2021"]
[Site "Warsaw"]
[Date "2021.12.30"]
[Round "20.26"]
[White "Niemann, Hans Moke"]
[Black "Sadhwani, Raunak"]
[Result "1-0"]
[WhiteElo "2635"]
[BlackElo "2562"]
[Annotator "ChessBase"]
[PlyCount "81"]
[EventDate "2021.12.29"]
[EventType "swiss"]
[EventCountry "POL"]
[Tiebreak "Cut1 Buchholz"]
[SourceTitle "playchess.com"]
[Source "ChessBase"]
[SourceQuality "1"]

1. d4 Nf6 2. Nc3 d5 3. Bf4 e6 4. Nb5 Na6 5. e3 Be7 6. Nf3 Nh5 7. Be5 f6 8. Bg3
O-O 9. c4 c5 10. Nc3 cxd4 11. Nxd4 Nxg3 12. hxg3 Nc7 13. Bd3 f5 14. g4 Bf6 15.
gxf5 e5 16. Ne6 Nxe6 17. fxe6 e4 18. Qh5 h6 19. e7 Bxe7 20. Qxd5+ Qxd5 21. Nxd5
exd3 22. Nxe7+ Kh7 23. Nxc8 Raxc8 24. Rh4 b5 25. b3 Rc6 26. Rd1 Rg6 27. g3 Rgf6
28. Rf4 bxc4 29. bxc4 g5 30. Rxf6 Rxf6 31. Rxd3 Ra6 32. a3 Ra4 33. Rc3 Ra6 34.
c5 Rc6 35. g4 Kg6 36. Ke2 Kf6 37. Kd3 Ke5 38. Kc4 a6 39. Rd3 Ke4 40. Rd6 Rc8
41. Rxh6 1-0

[Event "FIDE Open World Blitz 2021"]
[Site "Warsaw"]
[Date "2021.12.30"]
[Round "20.26"]
[White "Sankalp, Gupta"]
[Black "Baum, Jonasz"]
[Result "0-1"]
[WhiteElo "2323"]
[BlackElo "2157"]
[Annotator "NA"]
[PlyCount "84"]
[EventDate "2021.12.29"]
[EventType "swiss"]
[EventCountry "POL"]
[Tiebreak "Cut1 Buchholz"]
[SourceTitle "playchess.com"]
[Source "ChessBase"]
[SourceQuality "1"]

1. d4 Nf6 2. Nf3 e6 3. Bf4 c5 4. e3 d5 5. Nbd2 Nc6 6. c3 cxd4 7. exd4 Nh5 8.
Be3 Bd6 9. Ne5 Nf6 10. f4 Qb6 11. Qb3 Qxb3 12. axb3 O-O 13. Bd3 Ne8 14. b4 Ne7
15. g4 f6 16. Nef3 Ng6 17. Bxg6 hxg6 18. Ke2 Nc7 19. h4 b6 20. h5 Ba6+ 21. Kf2
gxh5 22. gxh5 Bd3 23. Rag1 Kf7 24. Nh4 Rh8 25. Ng6 Rh7 26. Nf1 a5 27. bxa5 Rxa5
28. Bc1 b5 29. Ne3 b4 30. cxb4 Bxb4 31. Rh3 Be4 32. Rhg3 Ra1 33. Nh4 Ne8 34. f5
exf5 35. Nhxf5 Rxh5 36. Rxg7+ Nxg7 37. Rxg7+ Kf8 38. Rb7 Bxf5 39. Rxb4 Rxc1 40.
Nxd5 Rc2+ 41. Ke3 Rh3+ 42. Kf4 Rf2# 0-1

[Event "FIDE Open World Blitz 2021"]
[Site "Warsaw"]
[Date "2021.12.30"]
[Round "20.27"]
[White "Najer, Evgeniy"]
[Black "Sargissian, Gabriel"]
[Result "1-0"]
[WhiteElo "2654"]
[BlackElo "2664"]
[Annotator "ChessBase"]
[PlyCount "78"]
[EventDate "2021.12.29"]
[EventType "swiss"]
[EventCountry "POL"]
[Tiebreak "Cut1 Buchholz"]
[SourceTitle "playchess.com"]
[Source "ChessBase"]
[SourceQuality "1"]

1. e4 e5 2. Nf3 Nc6 3. Bc4 Nf6 4. d3 Bc5 5. Bg5 h6 6. Bh4 Be7 7. Bg3 d6 8. a4
Be6 9. Bxe6 fxe6 10. c3 Qd7 11. Nbd2 g5 12. b4 Rg8 13. Rb1 O-O-O 14. Nc4 g4 15.
Nfd2 Nh5 16. b5 Nb8 17. O-O Nf4 18. d4 Nh5 19. b6 cxb6 20. Rxb6 Qc7 21. Rb5
Nxg3 22. hxg3 Nc6 23. d5 Nb8 24. dxe6 Bg5 25. Qb3 Na6 26. Rb1 Nc5 27. Nxd6+
Rxd6 28. Rxc5 Rc6 29. Rxc6 Qxc6 30. Nc4 Be7 31. Na5 Qxe4 32. Nxb7 Kc7 33. Na5
Bc5 34. Qb5 Qd5 35. Qb7+ Qxb7 36. Rxb7+ Kd6 37. e7 Ke6 38. Nc6 Rc8 39. Nd8+ Kd5
1-0

[Event "FIDE Open World Blitz 2021"]
[Site "Warsaw"]
[Date "2021.12.30"]
[Round "20.27"]
[White "Berchtenbreiter, Maximilian"]
[Black "Masternak, Grzegorz"]
[Result "1-0"]
[WhiteElo "2506"]
[BlackElo "2188"]
[Annotator "ChessBase"]
[PlyCount "51"]
[EventDate "2021.12.29"]
[EventType "swiss"]
[EventCountry "POL"]
[Tiebreak "Cut1 Buchholz"]
[SourceTitle "playchess.com"]
[Source "ChessBase"]
[SourceQuality "1"]

1. e4 d6 2. d4 Nf6 3. Nc3 e5 4. Nf3 Nbd7 5. h3 Be7 6. Bc4 O-O 7. O-O c6 8. a4
Qc7 9. Re1 b6 10. b3 a6 11. Bg5 b5 12. axb5 cxb5 13. Nd5 Nxd5 14. Bxd5 Bxg5 15.
Bxa8 Bf6 16. Bd5 exd4 17. Nxd4 Qc5 18. Nf5 Bxa1 19. Qxa1 Ne5 20. b4 Qc7 21. f4
Bxf5 22. exf5 Qa7+ 23. Kh2 Nc4 24. f6 Qf2 25. Rf1 Qd4 26. Qxd4 1-0

[Event "FIDE Open World Blitz 2021"]
[Site "Warsaw"]
[Date "2021.12.30"]
[Round "20.28"]
[White "Petrosyan, Manuel"]
[Black "Donchenko, Alexander"]
[Result "0-1"]
[WhiteElo "2599"]
[BlackElo "2645"]
[Annotator "ChessBase"]
[PlyCount "92"]
[EventDate "2021.12.29"]
[EventType "swiss"]
[EventCountry "POL"]
[Tiebreak "Cut1 Buchholz"]
[SourceTitle "playchess.com"]
[Source "ChessBase"]
[SourceQuality "1"]

1. c4 Nf6 2. Nc3 e5 3. Nf3 Nc6 4. e4 Bb4 5. d3 d6 6. a3 Bc5 7. Be3 O-O 8. h3
Bxe3 9. fxe3 a6 10. Be2 Rb8 11. O-O b5 12. b3 Ne7 13. Nh4 Ng6 14. Nf5 c6 15.
Qe1 d5 16. cxd5 cxd5 17. exd5 Nxd5 18. Nxd5 Qxd5 19. b4 Bxf5 20. Rxf5 Rbc8 21.
h4 Rc2 22. h5 Ne7 23. Rf2 h6 24. Qd1 Rc3 25. Qf1 Rfc8 26. Bg4 R8c7 27. Rd1 Rxa3
28. d4 e4 29. Re2 f5 30. Qf4 Qc4 31. Bxf5 Nxf5 32. Rf2 Rf7 33. Rdf1 Qe6 34. Qg4
Rxe3 35. Rxf5 Rxf5 36. Rxf5 Qc8 37. Qg6 Rg3 38. Qf7+ Kh7 39. Kh2 Rg4 40. Re5
Rh4+ 41. Kg1 Qg4 42. Qf5+ Qxf5 43. Rxf5 e3 44. Rd5 Rf4 45. Rd6 e2 46. Re6 Rf1+
0-1

[Event "FIDE Open World Blitz 2021"]
[Site "Warsaw"]
[Date "2021.12.30"]
[Round "20.28"]
[White "Lima, Darcy"]
[Black "Schneider, Ilja"]
[Result "0-1"]
[WhiteElo "2379"]
[BlackElo "2486"]
[Annotator "ChessBase"]
[PlyCount "72"]
[EventDate "2021.12.29"]
[EventType "swiss"]
[EventCountry "POL"]
[Tiebreak "Cut1 Buchholz"]
[SourceTitle "playchess.com"]
[Source "ChessBase"]
[SourceQuality "1"]

1. d4 d5 2. Nf3 Nf6 3. g3 Bf5 4. Bg2 c6 5. O-O e6 6. c4 h6 7. b3 Nbd7 8. Nc3
Bd6 9. Bb2 O-O 10. Nd2 Qe7 11. e4 dxe4 12. Ndxe4 Ba3 13. Qc1 Bxb2 14. Qxb2 Nxe4
15. Nxe4 Bxe4 16. Bxe4 Nf6 17. Bf3 Rfd8 18. Rad1 Rd7 19. Rd2 Rad8 20. Rfd1 a5
21. a3 e5 22. dxe5 Rxd2 23. Rxd2 Rxd2 24. Qxd2 Qxe5 25. Kg2 Qc5 26. Qd8+ Kh7
27. Qc7 Qxa3 28. Qxb7 c5 29. Bd5 Qb2 30. Bxf7 a4 31. Qc8 a3 32. Qf5+ Kh8 33.
Qc8+ Kh7 34. Be6 a2 35. Bf5+ g6 36. Qc7+ Nd7 0-1

[Event "FIDE Open World Blitz 2021"]
[Site "Warsaw"]
[Date "2021.12.30"]
[Round "20.29"]
[White "Kovalev, Vladislav"]
[Black "Michalik, Peter"]
[Result "1-0"]
[WhiteElo "2634"]
[BlackElo "2605"]
[Annotator "ChessBase"]
[PlyCount "109"]
[EventDate "2021.12.29"]
[EventType "swiss"]
[EventCountry "POL"]
[Tiebreak "Cut1 Buchholz"]
[SourceTitle "playchess.com"]
[Source "ChessBase"]
[SourceQuality "1"]

1. e4 e5 2. Nf3 Nc6 3. Bb5 a6 4. Ba4 Nf6 5. O-O Be7 6. d3 b5 7. Bb3 O-O 8. Nc3
d6 9. a3 Nb8 10. Ne2 Nbd7 11. Ng3 Nc5 12. Ba2 Be6 13. b4 Bxa2 14. Rxa2 Ne6 15.
c4 c6 16. a4 a5 17. axb5 cxb5 18. cxb5 axb4 19. Ra4 Rxa4 20. Qxa4 Nc5 21. Qxb4
Nxd3 22. Qc4 Nc5 23. Ba3 Nfxe4 24. Nxe4 d5 25. Qa2 Nxe4 26. Bxe7 Qxe7 27. Qxd5
Nc3 28. Qc4 e4 29. Qxc3 exf3 30. Qxf3 Qb4 31. Qd3 Rb8 32. Rb1 Qc5 33. b6 g6 34.
b7 Qc6 35. Qb3 h5 36. h4 Qe4 37. g3 Qc6 38. Qb4 Qd5 39. Qb6 Qd3 40. Rc1 Qd7 41.
Rb1 Kh7 42. Qb3 Qc7 43. Qd5 Qe7 44. Kg2 Qc7 45. Rb3 Qe7 46. Qc6 Kg7 47. Rb1 Kh7
48. Kg1 Kg7 49. Qc3+ Kh7 50. Qc8 Qe5 51. Rc1 Qb2 52. Rc7 Qb1+ 53. Kh2 Qa2 54.
Rc2 Qb3 55. Qxb8 1-0

[Event "FIDE Open World Blitz 2021"]
[Site "Warsaw"]
[Date "2021.12.30"]
[Round "20.30"]
[White "Ter-Sahakyan, Samvel"]
[Black "Tang, Andrew"]
[Result "0-1"]
[WhiteElo "2565"]
[BlackElo "2588"]
[Annotator "ChessBase"]
[PlyCount "116"]
[EventDate "2021.12.29"]
[EventType "swiss"]
[EventCountry "POL"]
[Tiebreak "Cut1 Buchholz"]
[SourceTitle "playchess.com"]
[Source "ChessBase"]
[SourceQuality "1"]

1. e4 e5 2. Nf3 Nc6 3. Bb5 g6 4. c3 a6 5. Bc4 f5 6. d3 Bg7 7. Ng5 Nh6 8. a4 f4
9. h4 Qe7 10. Nd2 d6 11. b4 Bf6 12. Ndf3 Ng4 13. g3 h6 14. Nh3 g5 15. Nhg1 Qg7
16. Qe2 Be7 17. Bb2 Bd7 18. Bd5 Nd8 19. d4 c6 20. Bb3 Ne6 21. O-O-O O-O-O 22.
Kb1 Bf6 23. d5 cxd5 24. Bxd5 Nc7 25. Bb3 Be7 26. Ne1 Nf6 27. Ngf3 Kb8 28. Nd2
Rhf8 29. hxg5 hxg5 30. gxf4 exf4 31. Nd3 Qg6 32. f3 Nh5 33. Rhe1 Ng3 34. Qf2
Bf6 35. Ka1 d5 36. e5 Be7 37. Nc5 Bc8 38. c4 d4 39. Nde4 Nf5 40. b5 axb5 41.
cxb5 Qb6 42. Nd3 Ne3 43. Rc1 Ncd5 44. Nec5 Bf5 45. Qd2 Nc3 46. Bxc3 dxc3 47.
Qxc3 Rc8 48. Qd4 Ka8 49. Bd5 Rc7 50. a5 Qxa5+ 51. Kb1 Qxb5+ 52. Nb3 Bxd3+ 53.
Kb2 Rfc8 54. Ra1+ Qa6 55. Rxa6+ Bxa6 56. Be4 Kb8 57. Ra1 Rd8 58. Qb6 Nc4+ 0-1

[Event "FIDE Open World Blitz 2021"]
[Site "Warsaw"]
[Date "2021.12.30"]
[Round "20.30"]
[White "Tologontegin, Semetey"]
[Black "Peng, Li Min"]
[Result "0-1"]
[WhiteElo "2224"]
[BlackElo "2412"]
[Annotator "NA"]
[PlyCount "120"]
[EventDate "2021.12.29"]
[EventType "swiss"]
[EventCountry "POL"]
[Tiebreak "Cut1 Buchholz"]
[SourceTitle "playchess.com"]
[Source "ChessBase"]
[SourceQuality "1"]

1. d4 Nf6 2. Nc3 d5 3. Bf4 e6 4. Nb5 Na6 5. e3 Be7 6. Nf3 O-O 7. a3 Nh5 8. Be5
f6 9. Bg3 c5 10. Nd2 g6 11. Be2 Nxg3 12. hxg3 Bd7 13. Nc3 cxd4 14. exd4 Nb8 15.
Nf3 Rf7 16. Qd2 Nc6 17. O-O-O a6 18. Bd3 f5 19. Ne2 Rc8 20. Kb1 Bf6 21. Rde1
Qb6 22. c3 Na5 23. Nf4 Nb3 24. Qe2 Re7 25. Ne5 Be8 26. Ka2 Na5 27. Qd1 Nc6 28.
g4 Bxe5 29. dxe5 Qxf2 30. Rhf1 Qc5 31. gxf5 exf5 32. Bc2 Bf7 33. Bb3 Nxe5 34.
Nxd5 Bxd5 35. Bxd5+ Kg7 36. Bb3 Rce8 37. Rh1 h5 38. Qc2 Ng4 39. Rxe7+ Rxe7 40.
Qd2 Qc7 41. Rd1 Ne5 42. Qd4 Kh7 43. Qa7 Nc4 44. Qa8 Re2 45. Rb1 Nd2 46. Qg8+
Kh6 47. Rd1 Nxb3 48. Qxb3 Rxg2 49. Qe6 Qh2 50. Qb6 f4 51. Rd8 Re2 52. Rh8+ Kg5
53. Qc5+ Kg4 54. Qc8+ Kg3 55. Qxb7 g5 56. Rg8 g4 57. Rf8 Qg2 58. Qb8 Qd5+ 59.
Kb1 Re1+ 60. Kc2 Qd1# 0-1

[Event "FIDE Open World Blitz 2021"]
[Site "Warsaw"]
[Date "2021.12.30"]
[Round "20.31"]
[White "Ghaem Maghami, Ehsan"]
[Black "Asadli, Vugar"]
[Result "1/2-1/2"]
[WhiteElo "2520"]
[BlackElo "2386"]
[Annotator "ChessBase"]
[PlyCount "246"]
[EventDate "2021.12.29"]
[EventType "swiss"]
[EventCountry "POL"]
[Tiebreak "Cut1 Buchholz"]
[SourceTitle "playchess.com"]
[Source "ChessBase"]
[SourceQuality "1"]

1. d4 d6 2. Nf3 Bg4 3. e4 g6 4. Be2 Bg7 5. O-O Nf6 6. Nc3 O-O 7. Be3 Nfd7 8.
Qd2 Nc6 9. d5 Bxf3 10. Bxf3 Na5 11. Be2 c5 12. Bh6 a6 13. h4 b5 14. Rae1 b4 15.
Nd1 Nf6 16. Bxg7 Kxg7 17. Qf4 e6 18. dxe6 fxe6 19. Bf3 Nc6 20. Qg3 Ne5 21. Ne3
Ra7 22. Qh3 Qe8 23. Bd1 Raf7 24. f4 Nc6 25. Bf3 Nd4 26. f5 Nd7 27. Nc4 Qe7 28.
fxe6 Nxe6 29. Bg4 Rxf1+ 30. Rxf1 Rxf1+ 31. Kxf1 Nf4 32. Qf3 Ne5 33. Nxe5 Qxe5
34. g3 Ne6 35. Bxe6 Qxe6 36. Qf4 Qf6 37. b3 Kf7 38. Ke2 Ke7 39. Qh6 Qf7 40. Ke3
Kd7 41. Qf4 Qg7 42. Ke2 Kc6 43. Qf3 Kb6 44. Qd3 Qe5 45. Kf3 Qf6+ 46. Kg2 a5 47.
Qd5 Kc7 48. Qa8 Qc3 49. Qxa5+ Kd7 50. Qb5+ Ke7 51. Qd3 Qb2 52. Kf3 Qxa2 53. e5
dxe5 54. Qc4 Qa7 55. Qd5 Qc7 56. Ke4 Kf6 57. g4 h6 58. Qa8 Kg7 59. Qd5 Kf6 60.
Qa8 Kg7 61. Qe8 Qb7+ 62. Kxe5 Qc7+ 63. Ke6 Qb6+ 64. Kd5 Qb7+ 65. Qc6 Qf7+ 66.
Kxc5 Qf2+ 67. Kxb4 Qxh4 68. Qe4 h5 69. c4 hxg4 70. c5 Qg5 71. c6 Qd2+ 72. Kb5
Qd6 73. Qc4 Qe5+ 74. Qc5 Qb8+ 75. Kc4 Qc7 76. Qd4+ Kh6 77. Qd2+ Kh5 78. Qd5+
Kh4 79. Qd7 Qf4+ 80. Kb5 Qe5+ 81. Ka6 Qa1+ 82. Kb7 Qb2 83. Qe6 Qg2 84. Kb8 Qf1
85. c7 Qb5+ 86. Kc8 g3 87. Qxg6 Kh3 88. Qe6+ Kh2 89. Qd6 Qe8+ 90. Kb7 Qb5+ 91.
Ka7 Qa5+ 92. Kb7 Qb5+ 93. Qb6 Qd5+ 94. Kb8 Qe5 95. Ka8 Qe8+ 96. Ka7 Qe7 97. Qb7
Qc5+ 98. Ka8 Qa5+ 99. Kb8 Qe5 100. Ka7 Qa5+ 101. Kb8 Qe5 102. Ka8 Qa5+ 103. Qa7
Qd5+ 104. Kb8 Qe5 105. Ka8 Qd5+ 106. Qb7 Qa5+ 107. Kb8 Qe5 108. Ka7 Qa5+ 109.
Kb8 Qe5 110. Ka8 Qa5+ 111. Qa7 Qd5+ 112. Kb8 Qe5 113. Kb7 Qd5+ 114. Kb6 Qxb3+
115. Kc6 Qe6+ 116. Kb7 Qd5+ 117. Kb8 Qe5 118. Kb7 Qd5+ 119. Kb8 Qe5 120. Ka8
Qd5+ 121. Kb8 Qe5 122. Ka8 Qd5+ 123. Kb8 Qe5 1/2-1/2

[Event "FIDE Open World Blitz 2021"]
[Site "Warsaw"]
[Date "2021.12.30"]
[Round "20.31"]
[White "Elier, Ali"]
[Black "Aditya, Mittal"]
[Result "0-1"]
[WhiteElo "2194"]
[BlackElo "2245"]
[Annotator "NA"]
[PlyCount "76"]
[EventDate "2021.12.29"]
[EventType "swiss"]
[EventCountry "POL"]
[Tiebreak "Cut1 Buchholz"]
[SourceTitle "playchess.com"]
[Source "ChessBase"]
[SourceQuality "1"]

1. e4 c5 2. d4 cxd4 3. c3 Nf6 4. e5 Nd5 5. Nf3 d6 6. cxd4 Nc6 7. Bc4 dxe5 8.
dxe5 Nb6 9. Qxd8+ Nxd8 10. Bb3 Be6 11. Bxe6 Nxe6 12. Nc3 g6 13. O-O Bg7 14. Re1
O-O 15. b3 Rfd8 16. Bb2 a5 17. Nb5 a4 18. Rac1 axb3 19. axb3 Ra2 20. Ba3 Rd5
21. Nc3 Rxa3 22. Nxd5 Nxd5 23. Rc8+ Bf8 24. Rd1 Rxb3 25. h4 Ndf4 26. Ra1 Kg7
27. Raa8 Rb4 28. g3 Nd3 29. Ng5 Ndc5 30. f4 h6 31. Nf3 Ne4 32. Kg2 Rb2+ 33. Kh3
Nf2+ 34. Kg2 Ne4+ 35. Kh3 b5 36. h5 gxh5 37. Rcb8 b4 38. Nd4 N6g5+ 0-1

[Event "FIDE Open World Blitz 2021"]
[Site "Warsaw"]
[Date "2021.12.30"]
[Round "20.32"]
[White "Kantor, Gergely"]
[Black "Korobov, Anton"]
[Result "1-0"]
[WhiteElo "2566"]
[BlackElo "2684"]
[Annotator "ChessBase"]
[PlyCount "91"]
[EventDate "2021.12.29"]
[EventType "swiss"]
[EventCountry "POL"]
[Tiebreak "Cut1 Buchholz"]
[SourceTitle "playchess.com"]
[Source "ChessBase"]
[SourceQuality "1"]

1. d4 Nf6 2. c4 e6 3. Nf3 b6 4. g3 Bb7 5. Bg2 Be7 6. Nc3 O-O 7. Qc2 c6 8. e4 d5
9. e5 Nfd7 10. h4 Na6 11. Ng5 g6 12. cxd5 Nb4 13. Qd2 cxd5 14. a3 Nc6 15. Nf3
Re8 16. h5 g5 17. h6 Na5 18. Nxg5 Nb3 19. Qc2 Bxg5 20. Qxb3 Bxc1 21. Rxc1 Qg5
22. Qd1 Rac8 23. Rh5 Qg6 24. Bf1 f5 25. Be2 Kh8 26. Qd2 Rg8 27. Qf4 a6 28. Kd2
b5 29. Rh4 Nb6 30. b3 Qf7 31. g4 Qe7 32. gxf5 Qxa3 33. fxe6 Rcf8 34. Qe3 Qxb3
35. e7 Rf5 36. Rf4 Bc8 37. Bd3 Nc4+ 38. Bxc4 dxc4 39. Rb1 Qa3 40. Rxf5 Bxf5 41.
Qf4 b4 42. Qxf5 Qxc3+ 43. Ke2 Qd3+ 44. Qxd3 cxd3+ 45. Kxd3 a5 46. d5 1-0

[Event "FIDE Open World Blitz 2021"]
[Site "Warsaw"]
[Date "2021.12.30"]
[Round "20.32"]
[White "Lubczynski, Rafal"]
[Black "Blanco Acevedo, Cristobal Jose"]
[Result "1-0"]
[WhiteElo "2361"]
[BlackElo "2350"]
[Annotator "NA"]
[PlyCount "215"]
[EventDate "2021.12.29"]
[EventType "swiss"]
[EventCountry "POL"]
[Tiebreak "Cut1 Buchholz"]
[SourceTitle "playchess.com"]
[Source "ChessBase"]
[SourceQuality "1"]

1. Nf3 d5 2. c4 e6 3. g3 Nf6 4. Bg2 Be7 5. O-O O-O 6. d4 Nbd7 7. Qc2 c6 8. b3
Ne4 9. Nfd2 Nxd2 10. Nxd2 f5 11. Bb2 Nf6 12. Rad1 Bd7 13. f3 Be8 14. e4 Bg6 15.
e5 f4 16. Qc3 Nd7 17. b4 a5 18. b5 Bb4 19. Qb3 Qg5 20. g4 h5 21. h3 Nb6 22. c5
Bxd2 23. Rxd2 Nc4 24. Re2 a4 25. Qb4 Bd3 26. Rff2 Bxe2 27. Rxe2 Qg6 28. Bc1 Qd3
29. Rd2 Nxd2 30. Qxd2 Qxd2 31. Bxd2 a3 32. Bf1 hxg4 33. hxg4 g5 34. b6 Ra4 35.
Bc3 Kg7 36. Bd3 Rfa8 37. Kf2 Rh8 38. Kg2 Rh6 39. Bf1 Ra8 40. Bb4 Rah8 41. Kg1
Kf7 42. Bg2 Ke7 43. Kf2 Kd7 44. Kg1 Ra8 45. Bf1 Rh4 46. Be1 Rh7 47. Bb4 Rah8
48. Bg2 Rh2 49. Bc3 R2h6 50. Bb4 Ra8 51. Bf1 Ke7 52. Bc3 Rhh8 53. Bd3 Ra4 54.
Be2 Rha8 55. Kf2 R8a5 56. Ke1 Rb5 57. Bxb5 Ra8 58. Bf1 Kd7 59. Bb4 Ra4 60. Bc3
Ra8 61. Kf2 Ra4 62. Kg2 Ra8 63. Bd3 Ra4 64. Be2 Ra8 65. Bd1 Ra6 66. Bc2 Ra8 67.
Bd3 Ra4 68. Kf2 Ra8 69. Bc2 Rh8 70. Kg2 Ra8 71. Bb4 Ra6 72. Bb3 Ra8 73. Kf2 Ra6
74. Ke2 Ra8 75. Kd3 Rh8 76. Bxa3 Rh3 77. Bd1 Rh2 78. Be2 Rh1 79. Bb4 Rb1 80. a3
Rb3+ 81. Kc2 Re3 82. Bd1 Kc8 83. a4 Kb8 84. a5 Ka8 85. Bc3 Kb8 86. Kd2 Ka8 87.
Be2 Kb8 88. Bd1 Ka8 89. Kc2 Kb8 90. Bd2 Ra3 91. Kb2 Rd3 92. Kc2 Rxd4 93. Be2
Ra4 94. Kb3 Ra1 95. Bc3 Rh1 96. Bd3 Rh3 97. Be2 Rh2 98. Bd3 Rf2 99. Bf5 exf5
100. gxf5 Kc8 101. f6 Kd7 102. a6 Rh2 103. f7 Ke7 104. e6 bxa6 105. b7 Rh1 106.
b8=Q Rb1+ 107. Bb2 Kxe6 108. f8=R 1-0

[Event "FIDE Open World Blitz 2021"]
[Site "Warsaw"]
[Date "2021.12.30"]
[Round "20.33"]
[White "Jobava, Baadur"]
[Black "Bluebaum, Matthias"]
[Result "1-0"]
[WhiteElo "2582"]
[BlackElo "2609"]
[Annotator "ChessBase"]
[PlyCount "49"]
[EventDate "2021.12.29"]
[EventType "swiss"]
[EventCountry "POL"]
[Tiebreak "Cut1 Buchholz"]
[SourceTitle "playchess.com"]
[Source "ChessBase"]
[SourceQuality "1"]

1. e4 e6 2. d4 d5 3. Nc3 Nf6 4. e5 Nfd7 5. Nce2 c5 6. c3 Nc6 7. Nf3 Be7 8. a3
O-O 9. Nf4 Qa5 10. Bd2 Qb6 11. Be3 Qxb2 12. Bd3 cxd4 13. cxd4 Na5 14. Rb1 Qc3+
15. Bd2 Qc7 16. h4 h6 17. Rh3 Nc4 18. Rg3 Ndxe5 19. dxe5 Nxe5 20. Nxe5 Qxe5+
21. Kf1 Kh8 22. Nh5 Rg8 23. Bf4 Qd4 24. Bxh6 Bxh4 25. Rb4 1-0

[Event "FIDE Open World Blitz 2021"]
[Site "Warsaw"]
[Date "2021.12.30"]
[Round "20.33"]
[White "Jakubowski, Krzysztof"]
[Black "Gluszko, Tomasz"]
[Result "1-0"]
[WhiteElo "2373"]
[BlackElo "2086"]
[Annotator "NA"]
[PlyCount "83"]
[EventDate "2021.12.29"]
[EventType "swiss"]
[EventCountry "POL"]
[Tiebreak "Cut1 Buchholz"]
[SourceTitle "playchess.com"]
[Source "ChessBase"]
[SourceQuality "1"]

1. d4 Nf6 2. Nf3 g6 3. Bg5 Bg7 4. Nbd2 d5 5. e3 O-O 6. Be2 c5 7. c3 cxd4 8.
cxd4 Nc6 9. O-O Bf5 10. Rc1 Rc8 11. Bf4 Qb6 12. Qb3 Ne4 13. Qxb6 axb6 14. a3 h6
15. h3 Rfd8 16. g4 Nxd2 17. Nxd2 Bd7 18. Nf3 g5 19. Bg3 e6 20. Rc3 Bf8 21. Rfc1
Be8 22. Ne5 f6 23. Nd3 Kf7 24. h4 Rd7 25. h5 Ra8 26. Kg2 Ra4 27. Bd1 Ra8 28.
Be2 Be7 29. f4 Bd6 30. f5 Bxg3 31. fxe6+ Kxe6 32. Kxg3 f5 33. gxf5+ Kf6 34. Nf2
Re7 35. Rf1 Rd7 36. Ng4+ Kg7 37. f6+ Kh7 38. Ne5 Nxe5 39. dxe5 Bf7 40. Bg4 Rdd8
41. e6 d4 42. Rc7 1-0